000 00757nam a22002297a 4500
003 OSt
005 20260306011029.0
008 260306b |||||||| |||| 00| 0 eng d
020 _a9781984688699
040 _aDWC-Main lib
_cOC
082 _22nd edition
_aCirc. 624 Ar677c 2024
100 _aArduman, Eda
245 _aCore concepts in engineering :
_b civil engineering/
_cEda Arduman
250 _a2nd edition
260 _a New York :
_b3G E- learning LLC,
_c c2024.
300 _a ix, 268 pages :
_bcolor illustrations ;
_c25cm.
504 _aIncludes bibliographical references
650 _a1. Civil Engineering
650 _a2. Engineering principles
650 _a3. Structural engineering
942 _2ddc
_cBK-CIRC
_e 2nd edition
_kCirc.
_n0
999 _c8643
_d8643